=LDR 00000nam 2200000 4500 =001 INLIS000000000042942 =005 20131008015744 =008 ***********************************ind** =035 ##$$0010-101300000000864 =041 ##$$a ind =082 ##$$a 332.4 =100 ##$$a refle, mary stewart =245 ##$$a 666 =260 ##$$b pt dabara begawan =300 ##$$a 3258 hlm =850 ##$$a NBPNMAT